[Event "EU-ch Seniors 65 14th"]
[Site "Porto"]
[Date "2014.03.12"]
[Round "4"]
[White "Reutimann, Hans Peter"]
[Black "Milnes, Anthony CP"]
[Result "1-0"]
[WhiteElo "1807"]
[BlackElo "2064"]
[PlyCount "97"]
[EventDate "2014.03.09"]
[EventType "swiss"]
[EventRounds "9"]
[EventCountry "POR"]
[SourceTitle "CBM 159 Extra"]
[Source "ChessBase"]
[SourceDate "2014.04.24"]
[SourceVersion "1"]
[SourceVersionDate "2014.04.24"]
[SourceQuality "1"]

1. d4 e6 2. Nf3 f5 3. Bf4 Nf6 4. e3 b6 5. Nbd2 Bb7 6. c3 Be7 7. Bc4 0-0 8. Qc2 Ne4 9. Nxe4 fxe4 10. Nd2 d5 11. Be2 Bd6 12. 0-0-0 Bxf4 13. exf4 Rxf4 14. f3 Nd7 15. g3 Rf6 16. fxe4 c5 17. e5 Rh6 18. Kb1 c4 19. h4 b5 20. Nf3 b4 21. Ng5 Nf8 22. Rhf1 Bc6 23. Nf7 Qa5 24. Nxh6+ gxh6 25. Qd2 Rb8 26. Rf3 Ba4 27. Rdf1 Bb3 28. a3 bxa3 29. Rxf8+ Rxf8 30. Rxf8+ Kxf8 31. Qxh6+ Ke7 32. Qxh7+ Kd8 33. Qg8+ Kc7 34. Qf7+ Kb8 35. Qe8+ Kb7 36. Qd7+ Kb8 37. Qd6+ Kb7 38. Qxa3 Qc7 39. Qb4+ Ka8 40. Qf8+ Kb7 41. Qg8 Qa5 42. Qf7+ Kb8 43. Qf8+ Kc7 44. Qc5+ Qxc5 45. dxc5 Kd8 46. h5 Ke7 47. h6 Kf7 48. Bg4 Ba4 49. Bxe6+ 1-0

[Event "Guernsey op"]
[Site "Guernsey"]
[Date "2013.10.25"]
[Round "6"]
[White "Milnes, Anthony CP"]
[Black "Hillarp Persson, Tiger"]
[Result "0-1"]
[WhiteElo "2054"]
[BlackElo "2557"]
[PlyCount "80"]
[EventDate "2013.10.20"]
[EventType "swiss"]
[EventRounds "7"]
[EventCountry "GCI"]
[SourceTitle "CBM 157 Extra"]
[Source "ChessBase"]
[SourceDate "2013.12.19"]
[SourceVersion "1"]
[SourceVersionDate "2013.12.19"]
[SourceQuality "1"]

1. f4 b5 2. Nf3 e6 3. e4 Bb7 4. d3 c5 5. Be2 Nc6 6. 0-0 d6 7. Be3 Nf6 8. Kh1 Be7 9. Qe1 0-0 10. Nc3 b4 11. Nd1 a5 12. Nf2 a4 13. g4 d5 14. e5 Nd7 15. d4 cxd4 16. Nxd4 Qb6 17. Qd2 Bc5 18. Rad1 Rac8 19. c3 a3 20. bxa3 bxc3 21. Qxc3 g5 22. Rb1 Nxd4 23. Bxd4 Bxd4 24. Rxb6 Rxc3 25. Rxb7 Nc5 26. Rb4 Bxf2 27. Rxf2 gxf4 28. Rbxf4 Rxa3 29. Bb5 Ne4 30. Rc2 Rb8 31. Be2 Rb7 32. Rf3 Rba7 33. Bd3 Ng5 34. Rg3 h6 35. Kg1 Kg7 36. Kf1 Rxa2 37. Rxa2 Rxa2 38. h4 Nh7 39. Rg2 Rxg2 40. Kxg2 Nf8 0-1